书目信息 |
| 题名: |
中国近代思想家文库
|
|
| 作者: | 戴逸 主编 ;赵立彬 编 | |
| 分册: | 黄文山卷 | |
| 出版信息: | 北京 中国人民大学出版社 2015 |
|
| 页数: | 11,514页 | |
| 开本: | 23cm | |
| 丛书名: | ||
| 单 册: | ||
| 中图分类: | B250.5 , C52 | |
| 科图分类: | ||
| 主题词: | 思想史--si xiang shi--研究--中国--近代 , 社会科学--she hui ke xue--民国--文集 | |
| 电子资源: | ||
| ISBN: | 978-7-300-17576-8 | |
| 000 | 01205nam0 22003131 450 | |
| 001 | 1761055026 | |
| 005 | 20170620172324.95 | |
| 010 | @a978-7-300-17576-8@dCNY79.00 | |
| 100 | @a20150608d2015 em y0chiy50 ea | |
| 101 | 0 | @achi |
| 102 | @aCN@b110000 | |
| 105 | @ay z 000yd | |
| 106 | @ar | |
| 200 | 1 | @a中国近代思想家文库@9zhong guo jin dai si xiang jia wen ku@i黄文山卷@f赵立彬编 |
| 210 | @a北京@c中国人民大学出版社@d2015 | |
| 215 | @a11,514页@d23cm | |
| 300 | @a国家出版基金项目 | |
| 314 | @a主编:戴逸 | |
| 330 | @a本书主要选编黄文山民国时期在思想和学术方面有代表性的文章和政论,在内容和篇目上,全面反映黄文山各方面的思想、学术和参与的工作。其中包括他的无政府主义思想、中西文化观、“文化学”的倡导、民族学和社会学等领域的学术研究,以及从事青年、侨务、宣传等方面工作时撰写的政论。 | |
| 517 | 1 | @a黄文山卷@9huang wen shan juan |
| 606 | 0 | @a思想史@9si xiang shi@x研究@y中国@z近代 |
| 606 | 0 | @a社会科学@9she hui ke xue@x民国@j文集 |
| 610 | 0 | @a黄文山@Ahuang wen shan |
| 690 | @aB250.5@v5 | |
| 690 | @aC52@v5 | |
| 701 | 0 | @a戴逸@9dai yi@f(1926~)@4主编 |
| 702 | 0 | @a赵立彬@9zhao li bin@f(1967.10~)@4编 |
| 801 | 0 | @aCN@b百万庄@c20170619 |
| 905 | @b1014147-52@dB250.5@e64:21@f6 | |
| 中国近代思想家文库.黄文山卷/赵立彬编 .-北京:中国人民大学出版社,2015 |
| 11,514页;23cm |
| 国家出版基金项目 |
| ISBN 978-7-300-17576-8:CNY79.00 |
| 本书主要选编黄文山民国时期在思想和学术方面有代表性的文章和政论,在内容和篇目上,全面反映黄文山各方面的思想、学术和参与的工作。其中包括他的无政府主义思想、中西文化观、“文化学”的倡导、民族学和社会学等领域的学术研究,以及从事青年、侨务、宣传等方面工作时撰写的政论。 |
| ● |
| 相关链接 |
|
|
|
|
正题名:中国近代思想家文库
索取号:B250.5/64:21
 
预约/预借
| 序号 | 登录号 | 条形码 | 馆藏地/架位号 | 状态 | 备注 |
| 1 | 1014147 | 210141470 | 第一样本阅览室/ [索取号:B250.5/64:21] | 在馆 | |
| 2 | 1014148 | 210141489 | 教育系资料室/ [索取号:B250.5/64:21] | 在馆 | |
| 3 | 1014149 | 210141498 | 教育系资料室/ [索取号:B250.5/64:21] | 在馆 | |
| 4 | 1014150 | 210141504 | 教育系资料室/ [索取号:B250.5/64:21] | 在馆 | |
| 5 | 1014151 | 210141513 | 第一借阅区/ [索取号:B250.5/64:21] | 在馆 | |
| 6 | 1014152 | 210141522 | 第一借阅区/ [索取号:B250.5/64:21] | 在馆 |